002540000a220007300045001000026000002450072000263000035000987730047001331 aRehmann, Luzia Sutter10aGerman-language feminist exegesis of the pauline letters : A survey aNúm 79 (200), Páginas 5-180 tJournal for the Study of the New Testament